000 00544nam a2200181Ia 4500
005 20250326125135.0
008 250326s9999 xx 000 0 und d
037 _aTextbook
040 _aFMSL
_beng
_cFMSL
041 _aeng
_2eng
084 _aX:979C L2;2
_qFMSL
100 _aLal G
245 0 _aDomestric enquiries into charges against employees and workmen: principles and procedures
_cLal G
260 _aDelhi
_bDelhi, University Book
_c1972
300 _a222p
942 _cTB
_hX:979C L2;2
999 _c1276717
_d1276717